000 00425nam a2200181Ia 4500
005 20250603145237.0
008 250603s9999 xx 000 0 und d
020 _a034066214X
050 _aP 302 .5 .T664/
100 _aToolan, M.
245 0 _aLanguage in literature : an introduction to stylistics
260 _aLondon
260 _bArnold
260 _c1996
300 _a250 p
650 _aLondon
942 _cBK
999 _c41296
_d41296